Fundamentals of motor vehicle technology (Record no. 63371)

MARC details
000 -LEADER
fixed length control field 00697nam a2200157 a 4500
008 - FIXED-LENGTH DATA ELEMENTS--GENERAL INFORMATION
fixed length control field 120416s0000 ||||||||||||||||| || u
020 ## - INTERNATIONAL STANDARD BOOK NUMBER
International Standard Book Number 0748705317
050 ## - LIBRARY OF CONGRESS CALL NUMBER
Classification number TL 250 Hil
100 ## - MAIN ENTRY--PERSONAL NAME
Personal name Hillier, V. A. W
245 10 - TITLE STATEMENT
Title Fundamentals of motor vehicle technology
250 ## - EDITION STATEMENT
Edition statement 4th ed.
260 ## - PUBLICATION, DISTRIBUTION, ETC.
Place of publication, distribution, etc. Cheltenham
Name of publisher, distributor, etc. Stanley Thornes
Date of publication, distribution, etc. 1991
350 ## -
-- 0.00
995 ## -
-- MAIN LIBRARY OPEN ACCESS
-- 0.00
-- 730892
-- CBU-MAIN LIBRARY (Kitwe)
-- 1
-- 30.00
-- TL 250 Hil
-- 1
-- AVAILABLE
-- May 19, 2006
-- 028129
-- Main Library Open Access Collection
995 ## -
-- ANNEX COLLECTION (Main Library)
-- 0.00
-- 730841
-- CBU-MAIN LIBRARY (Kitwe)
-- 2
-- 30.00
-- TL 250 Hil
-- 2
-- AVAILABLE
-- Jul 6, 2006
-- 027995
-- Annex Low-Usage Collection
999 ## -
-- 63371
-- 63371
Holdings
Withdrawn status Lost status Source of classification or shelving scheme Damaged status Not for loan Permanent Location Current Location Shelving location Date acquired Total Checkouts Full call number Barcode Date last seen Price effective from Koha item type
          CBU-MAIN LIBRARY, KITWE. CBU-MAIN LIBRARY, KITWE.   12/24/2022   TL 250 Hil 028129 12/24/2022 12/24/2022 MONOGRAPH
          CBU-MAIN LIBRARY, KITWE. CBU-MAIN LIBRARY, KITWE.   12/24/2022   TL 250 Hil 027995 12/24/2022 12/24/2022 MONOGRAPH